| 000 | 00461nam a2200157Ia 4500 | ||
|---|---|---|---|
| 008 | 210716s2003 xx 000 0 und d | ||
| 020 | _a8185386722 | ||
| 041 | _aeng | ||
| 082 | _a003 BUDF | ||
| 100 | _aBudnick, Frank S;Mcleavey, Dennis, Mojena, Richard. | ||
| 245 | _aPrinciples of operations research for management. | ||
| 250 | _a2 | ||
| 260 |
_aNew Delhi _bAITBS Publishers and Distributors _c2003 |
||
| 300 | _axx,988 | ||
| 650 | _aOperations Research | ||
| 999 |
_c198010 _d198010 |
||